The Fresh Prince of Bel-Air - Actors - Statistics

General Stats
  • This quiz has been taken 48 times
  • The average score is 7 of 11
Answer Stats
Character Answer % Correct
Will Will Smith
100%
Philip James Avery
83%
Carlton Alfonso Ribeiro
80%
Jazz DJ Jazzy Jeff
78%
Hilary Karyn Parsons
78%
Ashley Tatyana M. Ali
73%
Vivian (seasons 1-3) Janet Hubert
71%
Geoffrey Joseph Marcell
61%
Vivian (seasons 4-6) Daphne Maxwell-Reid
59%
Nicky (seasons 5-6) Ross Bagley
29%
Viola Vernee Watson-Johnson
27%
No matching quizzes found
Score Distribution
Percent of People with Each Score
Percentile by Number Answered
Your Score History
You have not taken this quiz